| 000 | 01072nam a2200289 a 4500 | ||
|---|---|---|---|
| 001 | 000019053 | ||
| 005 | 20250519123339.0 | ||
| 008 | 100525s2004 dr c 001 0 spa d | ||
| 040 |
_aDO-SdBNP _bspa _cBNPHU |
||
| 082 |
_a618.2 _bC255d |
||
| 100 | 1 |
_aCaputo A., Ángel R., _d1939- _940997 |
|
| 245 | 1 | 0 |
_aDel embarazo a la menopausia / _cÁngel R. Caputo A. ; prólogo Francisco José Guzmán García. |
| 260 |
_a[Santo Domingo] : _b[s.n.], _c[s.f.]. |
||
| 300 |
_axv, 367 p. : _bretrs. ; _c23 cm. |
||
| 500 | _aIncluye datos biográficos del autor en la contracubierta | ||
| 500 | _aIncluye índice alfabético | ||
| 500 | _aIncluye bibliografía al final de los capitulos | ||
| 590 | _aLa biblioteca posee 3 ejemplares autógrafiados por el autor | ||
| 590 | _aInventariado, 2019/MFF | ||
| 650 | 0 |
_aEmbrazo _91406 |
|
| 650 | 0 |
_aAnticoncepción _9910 |
|
| 650 | 4 |
_aGinecología _920061 |
|
| 650 | 4 |
_aClimaterio _920480 |
|
| 650 | 4 |
_aMenopausia _920479 |
|
| 700 | 1 |
_aGuzmán García, Francisco José, _epról. _940998 |
|
| 910 | _aValidado. Control de calidad MFF | ||
| 999 |
_c18571 _d18571 |
||